Quizzes
Events
Quiz Creation
Community
Videos
Private Events
Remove Ads
Sign In
Join for FREE
Feedback
Dark Mode
Quiz Categories
Sports
Geography
Music
Movies
Television
Just For Fun
Miscellaneous
History
Literature
Language
Science
Gaming
Entertainment
Religion
Holiday
For Kids
Quiz Lab
Recent
Popular Today
Quiz Kudos Today
Editor Picks
Curator Picks
Quizzes by...
Day
Popularity
Type
Ratings
Length
Year
Community
Subscriptions
Recent Discussions
Orange Saloon
Badges
Playlists
Quests
Create
Leaderboards
Showdown
Live 5
Trivia Bingo
Activity
Puzzle Library
Sporcle Events
Private Events
Virtual Trivia
Globe League
Become a Host
Pub Owners
SporcleCon
Opinionation
Our Games
Videos
Blog
Mobile Apps
Partnerships
Remove Ads and Go Orange
Feedback
Sports
Athletes
MLB
NBA
NHL
NFL
Soccer
Sports Teams
WWE
NCAA
Football
Premier League
Basketball
Baseball
Hockey
Golf
Tennis
Cricket
Rugby
Auto Racing
Olympics
World Cup
Sports
Athletes
MLB
NBA
NHL
NFL
Soccer
Sports Teams
WWE
NCAA
Football
Premier League
Basketball
Baseball
Hockey
Golf
Tennis
Cricket
Rugby
Auto Racing
Olympics
World Cup
Random Quiz
Search Sporcle
×
Quiz Lab
Quiz Lab
Sports
WWE
Type in answers that appear in a list
Type in answers that appear in a list
Classic
Best Score? Go Orange.
WWE Hell In A Cell 2011: Complete The Card Stats
Can you name the WWE Hell In A Cell 2011: Complete The Card?
By
yankeesgiants25
5m
19 Questions
370 Plays
370 Plays
370 Plays
Comments
Comments
Give Quiz Kudos
Give Quiz Kudos
-
- Ratings
hide this ad
Replay
Link that replays current quiz
Next Quiz
Link to next quiz in quiz playlist
You Got
0%
They Got
Avg Score
72%
Avg Friend Score
Upgrade to see
Score Distribution
Jump to the score distribution portion of the page
Score
0/19
Timer
05:00
0
Plays Today
Match
Superstar
% Correct
Triple Threat Hell In A Cell WWE Title
John Cena
98.1%
Triple Threat Hell In A Cell WWE Title
CM Punk
94.9%
Hell In A Cell Match World Title
Randy Orton
93.2%
Triple Threat Hell In A Cell WWE Title
Alberto Del Rio
93.2%
Hell In A Cell Match World Title
Mark Henry
88.9%
WWE Tag Team Title Match
Kofi Kingston
87.6%
WWE Tag Team Title Match
Evan Bourne
83.8%
WWE Tag Team Title Match
Dolph Ziggler
82.7%
Singles Match
Sheamus
82.2%
Singles Match IC Title
Cody Rhodes
81.4%
Match
Superstar
% Correct
WWE Tag Team Title Match
Jack Swagger
80.5%
Singles Match Divas Title
Beth Phoenix
78.4%
Singles Match Divas Title
Kelly Kelly
74.3%
Singles Match
Christian
68.9%
Dark Singles Match
Daniel Bryan
66.8%
Singles Match IC Title
John Morrison
65.1%
Singles Match
Sin Cara Negro
23.2%
Singles Match
Sin Cara Azul
21.6%
Dark Singles Match
JTG
19.7%
Quiz Playlist
Details
Report
Send in Message
Add To Playlist
Classic:
Type in answers that appear in a list
Last Updated: Feb 16, 2017
Quiz Scoreboard
CHALLENGE
Sign Up to Join the Scoreboard
Show All
Scores
Hide
Comments
May contain spoilers
Recently Published
TV Characters by Other Roles V
by ghcgh
Television
5m
Decade Duel: World Leaders
by jenniferyan
History
4m
Alphabetical 'K' Countries by Flag Minefield
by ylime102
Geography
3m
More to Explore
Quiz From the Vault
Featured Blog Post
15 Basketball Trivia Facts You Can Be March Mad About
hide this ad
You Might Also Like...
Tags
WWE Quiz
Today's Top Quizzes in Sports
Browse Sports
hide this ad
Today's Top Quizzes in WWE
Browse WWE
Top Contributed Quizzes in Sports
1
Les joueurs à 100 buts en Ligue 1 Uber Eats
2
2022 World Cup Stars
3
Pick 6: NFL Teams
4
MLB 2 truths and a lie: Hall of Fame pitchers
5
Pick 6: Minor League Baseball
6
Millionaire: NBA Finals Edition
7
Pick 6: Olympics
8
Click the 1998 NBA Draft
9
Criteria MLB: Left Handed Sluggers
10
NBA Logic Puzzle 2.0
Explore More
Trending Topics
Crossword
NBA
Marvel
Disney
Kpop
Harry Potter
Anime
Puzzle
Pokémon
The Office
Song
Soccer
Country
NFL
WWE
hide this ad
More By:
yankeesgiants25
Quiz
Plays
Rating
Category
Featured
Created
WWE Chain Game 2
29,264
1.70
Sports
Jan 19, 2013
Nickelodeon Or Cartoon Network?
6,194
3.27
Television
Jun 13, 2012
WWE Top 25 Matches Of 2012
4,565
4.12
Sports
Dec 27, 2012
Pro Wrestling Top 50 Wrestlers of All Time
2,957
3.67
Sports
Jan 9, 2013
MLB 10 Most Valuable Baseball Cards Ever
2,360
3.14
Sports
May 27, 2012
Go to Creator's Profile
Score Distribution
Quiz Creator Spotlight
yankeesgiants25
Follow
Send a Message
Quizzes Created
-
Created Quiz Play Count
-
More By This Creator
Popular Quizzes Today
1
Countries of Asia Without Outlines Minefield
2
Find the US States - No Outlines Minefield
3
Pick 6: Fruits
4
The Countries of the World
5
Alphabetical 'K' Countries by Flag Minefield
6
Find the Countries of Europe - No Outlines Minefield
7
US States
8
Find the US States
More Sports Quizzes
NFL Teams Not Containing 'A'
Curator's Pick
Trending Quizzes
Pick 6: Mountains
Pick 6: Harry Potter
Pick 6: Flags
Pick 6: NFL Teams
Pick 6: Movie Franchises
Recently Updated
Adaptations: Name the Title
pecheneg
NWSL Teams
pecheneg
Women's Final Four Teams by Year
bhenderson79
Presidents Quartet II
eogle
Anything But Clue(do)
eogle
Anything But Oceanian Capitals
eogle
Anything But 7
eogle
Anything But Thing
eogle
Word Ladder: February 29
pecheneg
Song Title Questions
pecheneg
Trending Topics
Disney
Crossword
Marvel
NBA
Kpop
Harry Potter
Anime
NFL
Country
Puzzle
Song
WWE
Pokémon
Soccer
The Office
Your Account Isn't Verified!
In order to create a playlist on Sporcle, you need to verify the email address you used during registration. Go to your
Sporcle Settings
to finish the process.
Report this User
Report this user for behavior that violates our
Community Guidelines
.
Details:
Send Report
Go to the Sporcle.com Mobile Site →
Comments